banner-ar

وداعا ايتها المخلفات / (Record no. 61320)

MARC details
000 -الفاتح
حقل البيانات ثابتة الطول 01379nam a22003257a 4500
005 - وقت وتاريخ اخر تعامل مع التسجيلة
رقم الضبط 20240530110454.0
008 - عناصر البيانات ثابتة الطول - معلومات عامة
حقل البيانات ثابتة الطول 150423b2011 ua c a 000 0dara d
017 ## - رقم الايداع القانونى
رقم الايداع القانونى 2011/4484
المصدر ( الهيئة المختصة) مصر . دار الكتب المصرية
020 ## - الرقم الدولى المعيارى للكتب
الرقم الدولى المعيارى للكتاب 9789774276746
040 ## - مصدر الفهرسة
وكالة الفهرسة الأصلية EG-CaGPL
082 04 - رقم تصنيف ديوى العشرى
رقم الطبعة 21
رقم التصنيف 577
رقم المادة ط/د ع
100 1# - المدخل الرئيسى - إسم شخصى
الإسم الشخصى يونج لى ، هى
الشكل الأكمل للاسم هى - يونج لى
245 10 - بيان العنوان
العنوان وداعا ايتها المخلفات /
بيان المسئوليه,etc تاليف هى - يونج لى ؛ رسوم يانج - كاينج سيو ؛ ترجمة اريت فايز تادرس ، زكريا القاضى
250 ## - بيان الطبعة
بيان الطبعة ط1
260 ## - PUBLICATION, DISTRIBUTION, ETC. (IMPRINT)
تاريخ النشر أو التوزيع 2011 .
300 ## - الوصف المادى
التعداد متعدد :
تفاصيل ماديه اخرى للوعاء صور لو ؛
أبعاد الوعاء 26 سم
490 0# - بيان السلسلة
عنوان السلسلة علوم البيئة
650 04 - المدخل الاضافى بالموضوع-مصطلح موضوعى
مصطلح موضوعي القمامة
650 04 - المدخل الاضافى بالموضوع-مصطلح موضوعى
مصطلح موضوعي تلوث البيئة
650 04 - المدخل الاضافى بالموضوع-مصطلح موضوعى
مصطلح موضوعي الشوارع
التقسيم الفرعي العام تنظيف
650 04 - المدخل الاضافى بالموضوع-مصطلح موضوعى
مصطلح موضوعي القمامة
التقسيم الفرعي العام معالجة
650 04 - المدخل الاضافى بالموضوع-مصطلح موضوعى
مصطلح موضوعي القمامة
التقسيم الفرعي العام رقابة صحية
650 04 - المدخل الاضافى بالموضوع-مصطلح موضوعى
مصطلح موضوعي القمامة
التقسيم الفرعي العام جمع
650 04 - المدخل الاضافى بالموضوع-مصطلح موضوعى
مصطلح موضوعي القمامة
التقسيم الفرعي العام ادارة وانتاج
700 1# - المدخل الاضافى - اسم شخصى
الإسم الشخصى كاينج سيو ، يانج
الدور رسام
الشكل الأكمل للاسم يانج - كاينج سيو
700 1# - المدخل الاضافى - اسم شخصى
الإسم الشخصى تادرس ، اريت فايز
الدور ترجمة
الشكل الأكمل للاسم اريت فايز تادرس
700 0# - المدخل الاضافى - اسم شخصى
الإسم الشخصى زكريا القاضى
الدور مترجم مشارك
942 ## - عناصر المدخل الإضافي( كوها)
مصدر التصنيف او مخطط الترفيف Dewey Decimal Classification
Koha [default] item type كتاب
260 ## - PUBLICATION, DISTRIBUTION, ETC. (IMPRINT)
-- القاهرة :
-- الدار المصرية اللبنانية ،
Holdings
حالة التراجع حالة الفقد حالة تلف ليس للاعارة المكان المؤقت الموقع الحالى تاريخ الاكتساب اجمالي اﻻعارات رقم الطلب الباركود تاريخ اخر مشاهدة تاريخ تفعيل السعر نوع وعاء كوها
        مكتبة القاهرة الكبرى مكتبة القاهرة الكبرى 05/26/2015   577 ط/د ع 160588 05/26/2015 05/26/2015 كتاب

Powered By

EGPV